000 00823nam a2200217 a 4500
001 86129
003 BD-RjUL
005 20260121120112.0
008 260121s2009 bg ||||| |||| 00| 0 ben d
035 _a(BD-RjUL)86129
040 _aBD-RjUL
_beng
_cBD-RjUL
041 _aben
082 _223
_a297.125
_bHOH 2009
100 _aহোসেন, মোহাম্মদ বেলাল
245 _aহাদীসের বিশুদ্ধতা নিরুপণ :
_bপ্রকৃতি ও পদ্ধতি /
_cমোহাম্মদ বেলাল হোসেন
260 _aঢাকা :
_bবাংলাদেশ ইসলামিক সেন্টার,
_c২০০৯
300 _a২০৮ পৃ.;
_c২২ সেমি.
650 _aহাদিস
650 _aHadith
942 _2ddc
_cBK
999 _c86129
_d86129